Entwicklung der Methodenlehre in Rechtswissenschaft und Philosophie vom 16. bis zum 18. Jahrhundert : Beiträge zu einem interdisziplinären Symposion in Tübingen, 18. - 20. April 1996.
Bewaard in:
| Andere auteurs: | |
|---|---|
| Formaat: | Boek |
| Gepubliceerd in: |
Stuttgart, Deutschland:
Franz Steiner,
1998.
|
| Reeks: | Contubernium,
46. |
| Onderwerpen: | |
| Tags: |
Voeg label toe
Geen labels, Wees de eerste die dit record labelt!
|
MARC
| LEADER | 00000nam a22000007a 4500 | ||
|---|---|---|---|
| 003 | CL-VaPUC | ||
| 005 | 20220822114800.0 | ||
| 008 | 220802t1998 ||||| |||| 00| 0 eng d | ||
| 999 | |c 437864 |d 437862 | ||
| 020 | |a 3-515-07173-3 | ||
| 040 | |c Pontificia Universidad Católica de Valparaíso | ||
| 082 | 7 | |a 340.1 SCH 1998 |2 22 | |
| 100 | 1 | |a Schröder, Jan |e editor |9 874597 | |
| 245 | |a Entwicklung der Methodenlehre in Rechtswissenschaft und Philosophie vom 16. bis zum 18. |b Jahrhundert : Beiträge zu einem interdisziplinären Symposion in Tübingen, 18. - 20. April 1996. | ||
| 260 | |a Stuttgart, Deutschland: |b Franz Steiner, |c 1998. | ||
| 300 | |a 231 páginas. | ||
| 490 | |a Contubernium, |v 46. | ||
| 500 | |a c.1. Donación Familia Prof. Alejandro Guzmán Brito. | ||
| 583 | |c 20220802 |k Cristina María Rojas Aguilar | ||
| 650 | |a Metodología jurídica |9 394955 | ||
| 650 | |a Derecho |x Método |x Congresos |9 874598 | ||
| 942 | |2 ddc |c BK |n 0 | ||
| 952 | |0 0 |1 0 |2 ddc |4 0 |6 340_100000000000000_SCH_1998 |7 0 |8 C_AGB |9 585715 |a BIBDER |b BIBDER |d 2022-08-02 |e Donación |i 5653706 |o 340.1 SCH 1998 |p 5653706 |r 2023-01-25 |t 1 |w 2022-08-02 |y BK_US |k AGB | ||